000
00323nam a22000977a 4500
100
_a
नेमा,चन्द्रा
_9
81037
245
_a
यथार्थ,नेमा
260
_a
दिल्ली
_b
विकास पब्लिशर्स
_c
2018
650
_a
कविताएं
_9
67940
942
_c
HIN
999
_c
64255
_d
64255